000 00322nam a2200133Ia 4500
008 230312s9999||||xx |||||||||||||| ||und||
020 _a1-118-87311-3
082 _a791.4377
_bJOU
245 0 _aAttacks on The Press
260 _bWiley
_aUSA
_c2013
300 _a226
650 _aMass com
_vMass Communication
942 _cBK
999 _c11454
_d11454